Länder Asiens / Kannst du sie auflisten? - Statistiken

Allgemein
  • Dieses Quiz wurde 25 mal gespielt
  • Das Durchschnittsergebnis liegt bei 38 aus 50
Antwortstatistiken
Antwort % Korrekt
Afghanistan
95%
China
90%
Japan
90%
Kasachstan
90%
Nordkorea
90%
Südkorea
90%
Thailand
90%
Vietnam
90%
Irak
85%
Iran
85%
Jemen
85%
Laos
85%
Pakistan
85%
Saudi-Arabien
85%
Turkmenistan
85%
Armenien
80%
Aserbaidschan
80%
Bahrain
80%
Indien
80%
Kirgisistan
80%
Myanmar
80%
Tadschikistan
80%
Türkei
80%
Usbekistan
80%
Bangladesch
75%
Bhutan
75%
Indonesien
75%
Katar
75%
Libanon
75%
Malaysia
75%
Nepal
75%
Oman
75%
Sri Lanka
75%
Brunei
70%
Georgien
70%
Israel
70%
Kuwait
70%
Mongolei
70%
Philippinen
70%
Syrien
70%
Taiwan
70%
Jordanien
65%
Kambodscha
65%
Russland
65%
Malediven
60%
Osttimor
60%
Singapur
60%
Vereinigte Arabische Emirate
55%
Zypern
40%
Palästina
15%
Keine übereinstimmenden Quizze gefunden
Verteilung der Resultate
Anzahl Personen mit jedem Resultat
Perzentil nach korrekt beantworteten Fragen
Ihre Resultats-Entwicklung
Sie haben dieses Quiz noch nicht gespielt